000 01218 a2200217 4500
001 48813
005 20260407155754.0
008 260407a1996 arg spa d
003 AR-UNSa-BCEJYS
040 _aAR-UNSa-BCEJYS
_bspa
_cAR-UNSa-BCEJYS
080 _a37.014
_xPolítica educativa. Educación y vida pública (Intercambio de profesores y alumnos )
245 1 0 _aEl curriculum oculto
020 _a84-7112-351-7
250 _a5a.ed.
264 1 _aMadrid :
_bEdiciones Morata
_c1996
300 _a219 p.
_c24 cm.
505 _a1. El currículum y la ideología - 2. Legitimación y discurso científico en educación - 3. Prácticas tecnocráticas en la escuela y poder - 4. Las teorías de la reproducción - 5. Las teorías de la producción y la posibilidad de prácticas contra hegemónicas - 6. La discriminación sexista en las instituciones escolares: Niños visibles y niñas invisibles - 7. La discriminación racista en el sistema educativo - 8. La descualificación y recualificación del profesorado - 9. El currículum y la educación de los ciudadanos y ciudadanas en una sociedad democrática.
942 _cBK
590 _aniveau_biblio:m niveau_hierar:0
100 1 _aTorres Santomé, Jurjo
999 _c4737
_d4737